000 00314 a2200109 4500
001 ART_18008
005 20260410161656.0
008 260409a
245 1 0 _aNuevo aplicativo de impuestos internos
100 1 _aBaldo, Alberto
773 0 _tPráctica profesional
_g- Nº 119 (jun. 2010)
_wREV542
999 _c14733
_d14733